[Event "WchT (Women) Pool-A"]
[Site "Bydgoszcz"]
[Date "2023.09.07"]
[Round "3.3"]
[White "Elansary, Eman"]
[Black "Melia, Salome"]
[Result "0-1"]
[WhiteElo "1886"]
[BlackElo "2369"]
[PlyCount "76"]
[EventDate "2023.09.06"]
[EventType "team (rapid)"]
[EventRounds "5"]
[EventCountry "POL"]
[SourceTitle "EXT 2024"]
[Source "ChessBase"]
[SourceDate "2023.10.10"]
[SourceVersion "1"]
[SourceVersionDate "2023.10.10"]
[SourceQuality "1"]
[WhiteTeam "Egypt (W)"]
[BlackTeam "Georgia (W)"]
[WhiteTeamCountry "EGY"]
[BlackTeamCountry "GEO"]

1. d4 d5 2. Nc3 Nf6 3. Bf4 a6 4. Nf3 e6 5. a3 c5 6. e3 b5 7. Be2 Bb7 8. 0-0 Nbd7 9. h3 Be7 10. Nd2 0-0 11. Bf3 Rc8 12. g4 Qb6 13. Ne2 a5 14. c3 b4 15. Ng3 cxd4 16. cxd4 bxa3 17. bxa3 Ba6 18. Be2 Bxe2 19. Nxe2 Qa6 20. Re1 a4 21. Ra2 Nb6 22. f3 Nfd7 23. Nb1 Rc6 24. Nc1 Nc4 25. Nd3 Rb6 26. Nb4 Bxb4 27. axb4 Rxb4 28. Nc3 a3 29. Qd3 Qa5 30. Nb1 Rb2 31. Re2 Qb4 32. Rexb2 axb2 33. e4 h6 34. Kf2 Ndb6 35. Ke2 Na4 36. Bd2 Nxd2 37. Rxa4 Qxa4 38. Qxd2 Rc8 0-1

[Event "WchT (Women) Pool-A"]
[Site "Bydgoszcz"]
[Date "2023.09.06"]
[Round "2.2"]
[White "Hrebenshchykova, Yelyzaveta"]
[Black "Elansary, Eman"]
[Result "1-0"]
[WhiteElo "2324"]
[BlackElo "1886"]
[PlyCount "89"]
[EventDate "2023.09.06"]
[EventType "team (rapid)"]
[EventRounds "5"]
[EventCountry "POL"]
[SourceTitle "EXT 2024"]
[Source "ChessBase"]
[SourceDate "2023.10.10"]
[SourceVersion "1"]
[SourceVersionDate "2023.10.10"]
[SourceQuality "1"]
[WhiteTeam "Ukraine (W)"]
[BlackTeam "Egypt (W)"]
[WhiteTeamCountry "UKR"]
[BlackTeamCountry "EGY"]

1. e4 Nf6 2. e5 Nd5 3. d4 d6 4. Nf3 dxe5 5. Nxe5 c6 6. Bc4 e6 7. 0-0 Nd7 8. f4 g6 9. Qe2 Bg7 10. c3 0-0 11. Nd2 c5 12. Nxd7 Bxd7 13. dxc5 Qc7 14. Nb3 a5 15. Bxd5 exd5 16. a4 Rae8 17. Qf2 Re4 18. Be3 Rfe8 19. Rfe1 Rxa4 20. Rxa4 Bxa4 21. Nd2 Bc2 22. g3 Be4 23. Bd4 f5 24. Bxg7 Qxg7 25. Qd4 Qxd4+ 26. cxd4 Re6 27. Kf2 b6 28. Nxe4 fxe4 29. Rc1 Rc6 30. Ke3 b5 31. Ra1 a4 32. b3 Kf7 33. bxa4 Ra6 34. a5 Ke7 35. Kd2 Kd7 36. Kc3 Kc6 37. Kb4 Ra8 38. a6 e3 39. Ra2 Re8 40. a7 Ra8 41. Ra6+ Kd7 42. Kxb5 e2 43. Ra1 Kc7 44. c6 Re8 45. Re1 1-0

[Event "Africa-ch (Women)"]
[Site "Hammamet"]
[Date "2019.07.17"]
[Round "9.4"]
[White "Elansary, Eman"]
[Black "Marzouk, Amira"]
[Result "1-0"]
[WhiteElo "1946"]
[BlackElo "1667"]
[PlyCount "73"]
[EventDate "2019.07.09"]
[EventType "swiss"]
[EventRounds "9"]
[EventCountry "TUN"]
[SourceTitle "CBM 191 Extra"]
[Source "ChessBase"]
[SourceDate "2019.09.30"]
[SourceVersion "1"]
[SourceVersionDate "2019.09.30"]
[SourceQuality "1"]

1. d4 d5 2. Nf3 Nf6 3. e3 c5 4. c3 e6 5. Bd3 Bd6 6. Nbd2 0-0 7. e4 dxe4 8. Nxe4 Nxe4 9. Bxe4 cxd4 10. Nxd4 a6 11. Qf3 Qc7 12. Qh3 f5 13. Bc2 Nc6 14. Nxc6 Qxc6 15. 0-0 e5 16. Bb3+ Kh8 17. Qd3 e4 18. Qd5 Qc7 19. g3 Bd7 20. Rd1 Rf6 21. Bf4 Bxf4 22. Qxd7 Be5 23. Qxc7 Bxc7 24. Rd7 Rc8 25. Rad1 h6 26. Kf1 b5 27. R1d5 Bb6 28. Re5 Rc7 29. Rdd5 f4 30. g4 e3 31. Rd8+ Kh7 32. Bg8+ Kg6 33. h4 Rfc6 34. Rf8 h5 35. Rg5+ Kh6 36. Rxh5+ Kg6 37. Bh7# 1-0

[Event "Africa-ch (Women)"]
[Site "Hammamet"]
[Date "2019.07.10"]
[Round "2.2"]
[White "Wafa, Shrook"]
[Black "Elansary, Eman"]
[Result "1-0"]
[WhiteElo "2144"]
[BlackElo "1946"]
[PlyCount "71"]
[EventDate "2019.07.09"]
[EventType "swiss"]
[EventRounds "9"]
[EventCountry "TUN"]
[SourceTitle "CBM 191 Extra"]
[Source "ChessBase"]
[SourceDate "2019.09.30"]
[SourceVersion "1"]
[SourceVersionDate "2019.09.30"]
[SourceQuality "1"]

1. e4 d5 2. exd5 Nf6 3. d4 Bg4 4. Be2 Bxe2 5. Qxe2 Qxd5 6. Nf3 e6 7. 0-0 Nc6 8. Rd1 0-0-0 9. Nc3 Qf5 10. Be3 Bd6 11. Nb5 a6 12. Nxd6+ Rxd6 13. c4 Rhd8 14. b4 e5 15. d5 e4 16. Nh4 Qg4 17. Qxg4+ Nxg4 18. Bc5 R6d7 19. Re1 Nce5 20. Rxe4 f6 21. h3 Nh6 22. f4 Ng6 23. Nxg6 hxg6 24. Rae1 b5 25. cxb5 axb5 26. Re7 Nf5 27. Rxd7 Rxd7 28. g4 Nd6 29. Kf2 Kd8 30. Ke3 Nb7 31. Rd1 Nxc5 32. bxc5 c6 33. Ke4 Re7+ 34. Kd4 cxd5 35. Rb1 Re2 36. Kxd5 1-0

[Event "WchT (Women) 12th"]
[Site "Astana"]
[Date "2019.03.12"]
[Round "7.3"]
[White "Huang, Qian"]
[Black "Elansary, Eman"]
[Result "1-0"]
[WhiteElo "2441"]
[BlackElo "1944"]
[PlyCount "81"]
[EventDate "2019.03.05"]
[EventType "team-tourn"]
[EventRounds "9"]
[EventCountry "KAZ"]
[SourceTitle "CBM 189"]
[Source "ChessBase"]
[SourceDate "2019.04.29"]
[SourceVersion "1"]
[SourceVersionDate "2019.04.29"]
[SourceQuality "1"]
[WhiteTeam "China (W)"]
[BlackTeam "Egypt (W)"]
[WhiteTeamCountry "CHN"]
[BlackTeamCountry "EGY"]

1. d4 d5 2. Nf3 c6 3. c4 e6 4. Qc2 f5 5. g3 Nf6 6. Bg2 Bd6 7. 0-0 0-0 8. b3 Ne4 9. Bb2 Nd7 10. Nbd2 Qe8 11. e3 Ndf6 12. Ne5 Qh5 13. f3 Ng5 14. a4 Nf7 15. Rfe1 Bd7 16. Ba3 Bxa3 17. Rxa3 Nd6 18. b4 Rfc8 19. c5 Nf7 20. Qb2 Be8 21. Nd3 Nh8 22. b5 Qf7 23. bxc6 Bxc6 24. a5 a6 25. Ne5 Qe8 26. Rb3 Nf7 27. Nxc6 bxc6 28. f4 Rcb8 29. Rb1 Rb5 30. Qc3 Qd8 31. Bf1 Ne4 32. Nxe4 fxe4 33. Bxb5 axb5 34. a6 Rxa6 35. Ra3 Ra8 36. Rxa8 Qxa8 37. Ra1 Qb7 38. Qa5 Kf8 39. Qb6 Qc8 40. Ra7 Nd8 41. Qa5 1-0

[Event "WchT (Women) 12th"]
[Site "Astana"]
[Date "2019.03.09"]
[Round "5.3"]
[White "Sachdev, Tania"]
[Black "Elansary, Eman"]
[Result "1-0"]
[WhiteElo "2400"]
[BlackElo "1944"]
[PlyCount "103"]
[EventDate "2019.03.05"]
[EventType "team-tourn"]
[EventRounds "9"]
[EventCountry "KAZ"]
[SourceTitle "CBM 189"]
[Source "ChessBase"]
[SourceDate "2019.04.29"]
[SourceVersion "1"]
[SourceVersionDate "2019.04.29"]
[SourceQuality "1"]
[WhiteTeam "India (W)"]
[BlackTeam "Egypt (W)"]
[WhiteTeamCountry "IND"]
[BlackTeamCountry "EGY"]

1. d4 Nf6 2. c4 c6 3. Nf3 d5 4. Nc3 dxc4 5. a4 Qa5 6. Bd2 Na6 7. e4 Bg4 8. Bxc4 e6 9. 0-0 Bb4 10. h3 Bh5 11. e5 Nd5 12. Nxd5 Bxd2 13. Qxd2 Qxd2 14. Nf6+ gxf6 15. Nxd2 fxe5 16. Ne4 0-0-0 17. Bxa6 bxa6 18. dxe5 Rd5 19. Rfe1 Bg6 20. Rac1 Bxe4 21. Rxe4 Kd7 22. Rb4 Rc8 23. Rf4 Ke7 24. Rfc4 c5 25. f4 a5 26. R1c2 h5 27. Kf2 Kd7 28. Kg3 Ke7 29. Kh4 f6 30. Kxh5 fxe5 31. fxe5 Rxe5+ 32. Kg4 Rg8+ 33. Kf3 Rf5+ 34. Rf4 Rd5 35. Kf2 Rgd8 36. Rfc4 Rf5+ 37. Ke3 Rdd5 38. g4 Rfe5+ 39. Re4 Rg5 40. h4 Rg8 41. h5 Rh8 42. Kf4 Rf8+ 43. Kg3 Rd4 44. Rce2 Rxe4 45. Rxe4 Kd6 46. h6 Kd5 47. Rf4 Re8 48. g5 e5 49. Rh4 Ke6 50. g6 Kf6 51. Rg4 e4 52. g7 1-0

[Event "WchT (Women) 6th"]
[Site "Khanty-Mansiysk"]
[Date "2017.06.25"]
[Round "8.5"]
[White "Elansary, Eman"]
[Black "Goryachkina, Aleksandra"]
[Result "1/2-1/2"]
[WhiteElo "1887"]
[BlackElo "2477"]
[PlyCount "79"]
[EventDate "2017.06.17"]
[EventType "team-tourn"]
[EventRounds "9"]
[EventCountry "RUS"]
[SourceTitle "CBM 179 Extra"]
[Source "ChessBase"]
[SourceDate "2017.08.23"]
[SourceVersion "1"]
[SourceVersionDate "2017.08.23"]
[SourceQuality "1"]
[WhiteTeam "Egypt (W)"]
[BlackTeam "Russia (W)"]
[WhiteTeamCountry "EGY"]
[BlackTeamCountry "RUS"]

1. d4 d5 2. Nf3 Nf6 3. e3 Bf5 4. Be2 e6 5. Ne5 h6 6. 0-0 Bd6 7. b3 0-0 8. Bb2 a5 9. c4 c6 10. Nc3 Nbd7 11. f4 Qe7 12. Na4 Rab8 13. c5 Bc7 14. Rc1 Nxe5 15. dxe5 Ne4 16. Bf3 Rbd8 17. Qe1 f6 18. Qh4 Rf7 19. Bxe4 Bxe4 20. exf6 gxf6 21. Rf2 Kh7 22. Nc3 Bg6 23. Ne2 Rg8 24. Ng3 Bd8 25. Qh3 f5 26. Nf1 Qh4 27. Qxh4 Bxh4 28. Bc3 Bxf2+ 29. Kxf2 Ra8 30. a4 Rff8 31. Nd2 Bh5 32. Nb1 Kg8 33. Na3 Kf7 34. Nc2 Rfc8 35. Ne1 Ra6 36. Nd3 Ke7 37. Bd4 Be8 38. h3 Bd7 39. g4 Rg8 40. Ne5 1/2-1/2

[Event "Olympiad Women-42"]
[Site "Baku"]
[Date "2016.09.12"]
[Round "10.4"]
[White "Elansary, Eman"]
[Black "Gitu, Paula Alexandra"]
[Result "1-0"]
[WhiteElo "1949"]
[BlackElo "1892"]
[PlyCount "59"]
[EventDate "2016.09.02"]
[EventType "team-swiss"]
[EventRounds "11"]
[EventCountry "AZE"]
[SourceTitle "CBM 174 Extra"]
[Source "ChessBase"]
[SourceDate "2016.10.10"]
[SourceVersion "1"]
[SourceVersionDate "2016.10.10"]
[SourceQuality "1"]
[WhiteTeam "Egypt (W)"]
[BlackTeam "Moldova (W)"]
[WhiteTeamCountry "EGY"]
[BlackTeamCountry "MDA"]

1. d4 d6 2. c4 e5 3. Nf3 e4 4. Ng5 f5 5. g3 Be7 6. Nh3 Nf6 7. Bg2 c6 8. 0-0 0-0 9. Nc3 Na6 10. f3 exf3 11. exf3 Nc7 12. Re1 d5 13. c5 b6 14. b4 Be6 15. Nf4 Bf7 16. Be3 bxc5 17. bxc5 Ne6 18. Nd3 Qc7 19. Bf2 Rfe8 20. Ne5 f4 21. Qa4 Rec8 22. Bh3 Ng5 23. Bxc8 Rxc8 24. Kg2 Be6 25. gxf4 Bh3+ 26. Kg1 Ne6 27. Bg3 Nh5 28. Ne2 Nxg3 29. hxg3 g5 30. g4 1-0

[Event "Olympiad Women-42"]
[Site "Baku"]
[Date "2016.09.08"]
[Round "6.4"]
[White "Elansary, Eman"]
[Black "Azhar, Puteri Rifqah Fahad"]
[Result "1-0"]
[WhiteElo "1949"]
[BlackElo "1945"]
[PlyCount "97"]
[EventDate "2016.09.02"]
[EventType "team-swiss"]
[EventRounds "11"]
[EventCountry "AZE"]
[SourceTitle "CBM 174 Extra"]
[Source "ChessBase"]
[SourceDate "2016.10.10"]
[SourceVersion "1"]
[SourceVersionDate "2016.10.10"]
[SourceQuality "1"]
[WhiteTeam "Egypt (W)"]
[BlackTeam "Malaysia (W)"]
[WhiteTeamCountry "EGY"]
[BlackTeamCountry "MAS"]

1. d4 Nf6 2. Bg5 e6 3. e4 Be7 4. Nd2 b6 5. Ngf3 Bb7 6. Bd3 h6 7. Bh4 d5 8. e5 Ne4 9. Bxe7 Qxe7 10. Qe2 Nxd2 11. Qxd2 a6 12. 0-0 c5 13. c3 Nc6 14. Rac1 0-0 15. Bb1 Rac8 16. h4 f5 17. exf6 Rxf6 18. Rfe1 Rcf8 19. Re2 Qf7 20. Rce1 a5 21. Qd3 g6 22. Qe3 Ba6 23. Rd2 Kg7 24. dxc5 b5 25. Nd4 Nxd4 26. cxd4 Bb7 27. h5 gxh5 28. Qd3 Kh8 29. f3 Bc6 30. Rde2 Bd7 31. c6 Bc8 32. Qxb5 Rg8 33. Kf1 Qg7 34. Rf2 Rf4 35. Qxa5 Rxd4 36. b4 h4 37. b5 Qg3 38. Qc3 e5 39. Qe3 Rf4 40. Qxe5+ Rg7 41. Qe8+ Rg8 42. Qh5 Qg5 43. Re7 Bf5 44. Qxg5 hxg5 45. Bxf5 Rxf5 46. c7 d4 47. Rc2 Rc8 48. Rd7 Rff8 49. b6 1-0

[Event "Africa-ch (Women)"]
[Site "Kampala"]
[Date "2016.07.21"]
[Round "6.2"]
[White "Elansary, Eman"]
[Black "Mwango, Lorita"]
[Result "0-1"]
[WhiteElo "1920"]
[BlackElo "1938"]
[PlyCount "118"]
[EventDate "2016.07.17"]
[EventType "swiss"]
[EventRounds "9"]
[EventCountry "UGA"]
[SourceTitle "EXT 2024"]
[Source "ChessBase"]
[SourceDate "2023.10.10"]
[SourceVersion "1"]
[SourceVersionDate "2023.10.10"]
[SourceQuality "1"]

1. d4 d5 2. Nf3 Nf6 3. e3 e6 4. Bd3 c5 5. b3 cxd4 6. exd4 Nc6 7. 0-0 Be7 8. Bb2 Bd7 9. Nbd2 Rc8 10. a3 0-0 11. Ne5 g6 12. f4 Qb6 13. Ndf3 Rfd8 14. Qe1 Nh5 15. Qe3 Ng7 16. g4 a5 17. Kh1 Nxe5 18. fxe5 Bb5 19. Rf2 Bxd3 20. Qxd3 Rc7 21. Raf1 Rdc8 22. h4 h5 23. gxh5 Nxh5 24. Rg1 Nf4 25. Qf1 Rxc2 26. Nd2 Rxb2 27. Rxf4 Rf8 28. Rg2 Qd8 29. Qa1 Rc2 30. Qd1 Rc3 31. Qg4 Qe8 32. h5 Kg7 33. Rgf2 f5 34. exf6+ Rxf6 35. h6+ Kf7 36. Qh4 Qh8 37. Rxf6+ Bxf6 38. h7 Rc8 39. Qh6 Qg7 40. Qh2 Ke7 41. Nf3 Kd7 42. Qh3 Rh8 43. Rh2 Bxd4 44. Ng5 Qe5 45. Nf3 Qe4 46. Rg2 Bf6 47. Kg1 g5 48. Nxg5 Qe1+ 49. Kh2 Be5+ 50. Rg3 Bxg3+ 51. Qxg3 Qxg3+ 52. Kxg3 Ke7 53. Kg4 Kf6 54. Kh5 e5 55. Kh6 e4 56. Nh3 d4 57. Nf4 d3 58. Nd5+ Ke5 59. Ne3 Kd4 0-1

[Event "Africa-ch (Women)"]
[Site "Kampala"]
[Date "2016.07.21"]
[Round "5.2"]
[White "Latreche, Sabrina"]
[Black "Elansary, Eman"]
[Result "0-1"]
[WhiteElo "2066"]
[BlackElo "1920"]
[PlyCount "108"]
[EventDate "2016.07.17"]
[EventType "swiss"]
[EventRounds "9"]
[EventCountry "UGA"]
[SourceTitle "EXT 2024"]
[Source "ChessBase"]
[SourceDate "2023.10.10"]
[SourceVersion "1"]
[SourceVersionDate "2023.10.10"]
[SourceQuality "1"]

1. Nf3 d5 2. g3 c5 3. Bg2 Nc6 4. d4 Nf6 5. 0-0 cxd4 6. Nxd4 e5 7. Nxc6 bxc6 8. c4 Be7 9. Nc3 Be6 10. Bg5 e4 11. cxd5 cxd5 12. Bxf6 Bxf6 13. Qa4+ Bd7 14. Qb3 Bxc3 15. Qxc3 0-0 16. Rfd1 Rc8 17. Qa3 Qg5 18. Qxa7 Be6 19. e3 Rc2 20. Qd4 Rfc8 21. b3 Qh5 22. Bxe4 Rxf2 23. Kxf2 Qxh2+ 24. Bg2 Bh3 25. e4 Qxg2+ 26. Ke3 Qxg3+ 27. Kd2 Qf4+ 28. Qe3 Rc2+ 29. Kxc2 Qxe3 30. exd5 Bf5+ 31. Kb2 Qe5+ 32. Ka3 Qd6+ 33. Kb2 h5 34. Rac1 h4 35. Rc6 Qd7 36. a4 h3 37. a5 h2 38. a6 Be4 39. Rcc1 h1Q 40. Rxh1 Bxh1 41. Rxh1 Qxd5 42. Ra1 Qa8 43. a7 f5 44. b4 f4 45. b5 f3 46. b6 f2 47. Kc3 Kf7 48. Rf1 Qf3+ 49. Kd4 g5 50. Ke5 Kg6 51. Rxf2 Qg3+ 52. Kd5 Qxf2 53. Kc6 Qf3+ 54. Kc7 Qa8 0-1

[Event "Africa-ch (Women)"]
[Site "Kampala"]
[Date "2016.07.19"]
[Round "3.5"]
[White "Nyaruai, Joyce"]
[Black "Elansary, Eman"]
[Result "0-1"]
[WhiteElo "1471"]
[BlackElo "1920"]
[PlyCount "66"]
[EventDate "2016.07.17"]
[EventType "swiss"]
[EventRounds "9"]
[EventCountry "UGA"]
[SourceTitle "EXT 2024"]
[Source "ChessBase"]
[SourceDate "2023.10.10"]
[SourceVersion "1"]
[SourceVersionDate "2023.10.10"]
[SourceQuality "1"]

1. d4 Nf6 2. Nf3 d5 3. Bf4 e6 4. e3 c5 5. h3 Nc6 6. Nbd2 Be7 7. Be2 0-0 8. 0-0 Qb6 9. dxc5 Qxb2 10. Qc1 Qxc1 11. Rfxc1 Bxc5 12. c3 Bd7 13. Nb3 Ba3 14. Rc2 Rac8 15. Nbd4 Nxd4 16. Nxd4 Ba4 17. Nb3 Ne4 18. c4 b5 19. c5 b4 20. Ba6 Bxb3 21. axb3 Rxc5 22. Rxc5 Nxc5 23. Be2 Nxb3 24. Ra2 Nc1 25. Rd2 b3 26. Bd1 b2 27. Bc2 f6 28. e4 Bb4 29. Rd3 dxe4 30. Rd7 Ne2+ 31. Kh2 Nxf4 32. Bxe4 a5 33. Rb7 Nd5 0-1

[Event "Africa zt 4.2 (Women)"]
[Site "Dar es Salaam"]
[Date "2016.04.26"]
[Round "6"]
[White "Elansary, Eman"]
[Black "Shah, Riya"]
[Result "1-0"]
[WhiteElo "1924"]
[BlackElo "1515"]
[PlyCount "90"]
[EventDate "2016.04.23"]
[EventType "swiss"]
[EventRounds "9"]
[EventCountry "TAN"]
[SourceTitle "EXT 2017"]
[Source "ChessBase"]
[SourceDate "2016.10.25"]
[SourceVersion "1"]
[SourceVersionDate "2016.10.25"]
[SourceQuality "1"]

1. d4 g6 2. c4 Bg7 3. Nc3 c5 4. d5 d6 5. e4 a6 6. a4 e6 7. Be2 exd5 8. exd5 Bf5 9. Nf3 Nf6 10. 0-0 0-0 11. Bg5 Qb6 12. Nh4 Qxb2 13. Nxf5 Qxc3 14. Nxg7 Kxg7 15. Bd2 Qd4 16. Qc2 Re8 17. Bf3 Nbd7 18. Be3 Qe5 19. a5 Rab8 20. Rab1 b6 21. Rfe1 Kg8 22. Bd2 Qd4 23. Rxe8+ Nxe8 24. Be2 Nef6 25. Bc3 Qe4 26. Bd3 Qe7 27. axb6 Rxb6 28. Re1 Qf8 29. Qa2 Qb8 30. f4 h5 31. Qa1 Ne8 32. Re7 Qd8 33. Qe1 Kf8 34. Rxe8+ Qxe8 35. Bg7+ Kxg7 36. Qxe8 Nf6 37. Qe2 a5 38. Qa2 Ra6 39. Qa4 Ng4 40. h3 Nh6 41. Qb5 Ra8 42. Qc6 a4 43. Qxa8 Ng8 44. Qxa4 Ne7 45. Qd7 Ng8 1-0

[Event "Africa zt 4.2 (Women)"]
[Site "Dar es Salaam"]
[Date "2016.04.26"]
[Round "5"]
[White "Nyaruai, Joyce"]
[Black "Elansary, Eman"]
[Result "0-1"]
[WhiteElo "1432"]
[BlackElo "1924"]
[PlyCount "74"]
[EventDate "2016.04.23"]
[EventType "swiss"]
[EventRounds "9"]
[EventCountry "TAN"]
[SourceTitle "EXT 2017"]
[Source "ChessBase"]
[SourceDate "2016.10.25"]
[SourceVersion "1"]
[SourceVersionDate "2016.10.25"]
[SourceQuality "1"]

1. d4 e6 2. c4 Nf6 3. Nf3 c5 4. e3 Be7 5. Bd3 0-0 6. Qc2 Nc6 7. Bd2 cxd4 8. exd4 d5 9. c5 Bd7 10. a3 a5 11. Nc3 b6 12. Na4 bxc5 13. dxc5 e5 14. Bf5 e4 15. Bxd7 Nxd7 16. Ng1 Nd4 17. Qd1 Ne5 18. Ne2 Nd3+ 19. Kf1 Nc6 20. Nf4 Nxf4 21. Bxf4 g5 22. Bg3 f5 23. f3 f4 24. Be1 Rb8 25. fxe4 dxe4 26. Qxd8 Rfxd8 27. Bc3 Kf7 28. Ke2 Nd4+ 29. Kf1 Nb3 30. Re1 e3 31. g3 Bf6 32. Kg2 Bxc3 33. Nxc3 Nd2 34. gxf4 gxf4 35. Nd1 f3+ 36. Kg1 e2 37. Nf2 Rbc8 0-1

[Event "Africa zt 4.2 (Women)"]
[Site "Dar es Salaam"]
[Date "2016.04.25"]
[Round "4"]
[White "Elansary, Eman"]
[Black "Wafa, Shrook"]
[Result "0-1"]
[WhiteElo "1924"]
[BlackElo "2081"]
[PlyCount "70"]
[EventDate "2016.04.23"]
[EventType "swiss"]
[EventRounds "9"]
[EventCountry "TAN"]
[SourceTitle "EXT 2017"]
[Source "ChessBase"]
[SourceDate "2016.10.25"]
[SourceVersion "1"]
[SourceVersionDate "2016.10.25"]
[SourceQuality "1"]

1. d4 Nf6 2. c4 e6 3. a3 b6 4. Nc3 Bb7 5. Bg5 Be7 6. Nf3 0-0 7. Qc2 c5 8. e4 d5 9. e5 Ne4 10. Bxe7 Qxe7 11. Bd3 f5 12. 0-0 Nd7 13. dxc5 bxc5 14. Qb3 Nxc3 15. Qxb7 Rab8 16. Qxa7 Rxb2 17. Rfc1 d4 18. Nxd4 cxd4 19. Qxd4 Ne2+ 20. Bxe2 Rxe2 21. Qd6 Kf7 22. f4 Qxd6 23. exd6 Rc8 24. Rc3 Rd2 25. c5 Rxc5 26. Rxc5 Nxc5 27. Rc1 Ne4 28. Rc7+ Kf6 29. g4 fxg4 30. d7 Kf5 31. d8Q Rxd8 32. Rxg7 h5 33. Rf7+ Kg6 34. Ra7 Rd4 35. Kg2 h4 0-1

[Event "Africa-ch (Women)"]
[Site "Cairo"]
[Date "2015.05.07"]
[Round "6"]
[White "Sabure, Tuduetso"]
[Black "Elansary, Eman"]
[Result "0-1"]
[WhiteElo "1879"]
[BlackElo "1863"]
[PlyCount "84"]
[EventDate "2015.05.02"]
[EventType "team-swiss"]
[EventRounds "9"]
[EventCountry "EGY"]
[SourceTitle "CBM 166 Extra"]
[Source "ChessBase"]
[SourceDate "2015.06.18"]
[SourceVersion "1"]
[SourceVersionDate "2015.06.18"]
[SourceQuality "1"]

1. e4 e6 2. d4 c5 3. Nf3 cxd4 4. Nxd4 Nc6 5. Be3 Nf6 6. Nc3 Bb4 7. f3 0-0 8. Qd2 d5 9. Nxc6 bxc6 10. e5 Nd7 11. 0-0-0 Qa5 12. a3 Bxc3 13. Qxc3 Qxc3 14. bxc3 Nxe5 15. Rd4 a5 16. Rh4 Ba6 17. Bxa6 Rxa6 18. Bd4 Ng6 19. Rg4 c5 20. Bf2 Rb8 21. Re1 Rc6 22. h4 f5 23. Rg5 Kf7 24. h5 Ne7 25. Bg3 Rg8 26. Be5 h6 27. Rg3 g5 28. hxg6+ Nxg6 29. f4 Nxe5 30. Rxg8 Kxg8 31. fxe5 c4 32. Rh1 Kg7 33. Rh4 Kg6 34. Kd2 Rb6 35. Kc1 Kg5 36. g3 h5 37. Rf4 Rb7 38. Rh4 Kh6 39. Kd2 Rg7 40. Rh3 Rg4 41. Ke3 Re4+ 42. Kf2 Rxe5 0-1